| 000 | 00350 a2200133 4500 | ||
|---|---|---|---|
| 001 | 88095 | ||
| 082 | _aPR 334 | ||
| 090 |
_c41506 _d41506 |
||
| 100 | _aAsif Saeed, 000313 | ||
| 245 | _aAerodynamic refinement of the comet class drone | ||
| 260 |
_aRisalpur _bNUST Risalpur _c2004 |
||
| 300 |
_av, 85p. _eTanweer Hussain |
||
| 500 | _aBE Project Reports | ||
| 942 |
_aCAE NUST _kPR 334 |
||
| 999 |
_c323168 _d323168 |
||